Mollusks of fresh and brackish waters of the U.S.S.R. (Record no. 32075)
[ view plain ]
| 000 -LEADER | |
|---|---|
| fixed length control field | 01152cam a22002411 4500 |
| 001 - CONTROL NUMBER | |
| control field | he 67000068 |
| 003 - CONTROL NUMBER IDENTIFIER | |
| control field | DLC |
| 005 - DATE AND TIME OF LATEST TRANSACTION | |
| control field | 20260227111443.0 |
| 008 - FIXED-LENGTH DATA ELEMENTS--GENERAL INFORMATION | |
| fixed length control field | 850912s1965 is a b 000 0 eng |
| 010 ## - LIBRARY OF CONGRESS CONTROL NUMBER | |
| LC control number | he 67000068 |
| 040 ## - CATALOGING SOURCE | |
| Original cataloging agency | DLC/ICU |
| Transcribing agency | ICU |
| Modifying agency | DLC |
| 041 1# - LANGUAGE CODE | |
| Language code of text/sound track or separate title | eng |
| Language code of original | rus |
| 043 ## - GEOGRAPHIC AREA CODE | |
| Geographic area code | e-ur--- |
| 050 00 - LIBRARY OF CONGRESS CALL NUMBER | |
| Classification number | QL425.R9 |
| Item number | Z473 |
| 100 1# - MAIN ENTRY--PERSONAL NAME | |
| Personal name | Zhadin, V. I. |
| 240 10 - UNIFORM TITLE | |
| Uniform title | Molli͡uski presnykh i solonovatykh vod SSSR. |
| Language of a work | English |
| 245 10 - TITLE STATEMENT | |
| Title | Mollusks of fresh and brackish waters of the U.S.S.R. |
| Remainder of title | (Mollyuski presnykh i solonovatykh vod SSSR) |
| Statement of responsibility, etc. | [by] V.I. Zhadin. Translated from Russian [by A. Mercado]. |
| 260 ## - PUBLICATION, DISTRIBUTION, ETC. | |
| Place of publication, distribution, etc. | Jerusalem, |
| Name of publisher, distributor, etc. | Israel Program for Scientific Translations; |
| -- | [available from the U.S. Dept. of Commerce, Clearinghouse for Federal Scientific and Technical Information, Springfield, Va.] |
| Date of publication, distribution, etc. | 1965. |
| 300 ## - PHYSICAL DESCRIPTION | |
| Extent | xvi, 368 p. |
| Other physical details | illus. |
| Dimensions | 24 cm. |
| 500 ## - GENERAL NOTE | |
| General note | At head of title: Academy of Sciences of the Union of Soviet Socialist Republics. Keys to the fauna of the U.S.S.R., published by the Zoological Institute of the Academy of Sciences of the U.S.S.R., no.46. |
| 504 ## - BIBLIOGRAPHY, ETC. NOTE | |
| Bibliography, etc. note | Bibliography: p. 307-357. |
| 650 #0 - SUBJECT ADDED ENTRY--TOPICAL TERM | |
| Topical term or geographic name entry element | Mollusks |
| Geographic subdivision | Soviet Union. |
No items available.